000 00305nam a22001337a 4500
008 170822b xxu||||| |||| 00| 0 eng d
020 _a0697214745
041 _aeng
080 _a51
100 _a37
101 _aMAT
245 _aCOLLEGE ALGEBRA ITS APPLICATIONS
_cGOLDSTEIN.L.J
942 _2udc
_cBK
999 _c24458
_d24458